| 000 | 00812cam a2200229Ii 4500 | ||
|---|---|---|---|
| 020 | _a9783642032844 (electronic bk.) | ||
| 020 | _a3642032842 (electronic bk.) | ||
| 040 | _cGW5XE | ||
| 082 | 0 | 4 | _a658 OUP 1965 C151 Or. |
| 100 | 1 | _aSchanz, Deborah. | |
| 245 | 1 | 0 | _aBusiness taxation and financial decisions / |
| 300 |
_a1 online resource (xxi, 401 pages) : _billustrations |
||
| 650 | 0 | _aBusiness enterprises | |
| 650 | 0 | _aDecision making. | |
| 650 | 0 | _aBusiness enterprises | |
| 700 | 1 | _aSchanz, Sebastian. | |
| 710 | 2 | _aOhio Library and Information Network. | |
| 856 | 4 | 0 | _uhttp://rave.ohiolink.edu/ebooks/ebc/9783642032844 |
| 856 | 4 | 0 | _uhttp://dx.doi.org/10.1007/978-3-642-03284-4 |
| 856 | 4 | 0 | _uhttp://proxy.ohiolink.edu:9099/login?url=http://dx.doi.org/10.1007/978-3-642-03284-4 |
| 942 | _cAEDBB | ||
| 999 |
_c18729 _d18729 |
||